Meals with vegetables / (Record no. 42043)

MARC details
000 -LEADER
fixed length control field 00731nam a22002057a 4500
005 - DATE AND TIME OF LATEST TRANSACTION
control field 20100816101843.0
010 ## - LCCN (DPL NO)
LC control number ENG-100423
020 ## - INTERNATIONAL STANDARD BOOK NUMBER
International Standard Book Number 9789380077055
Terms of availability 100.00
035 ## - SYSTEM CONTROL NUMBER
System control number EN-83956
037 ## - SOURCE OF ACQUISITION
Source of stock number/acquisition DBAD/PUB
082 ## - DEWEY DECIMAL CLASSIFICATION NUMBER
Classification number 641.63
245 ## - TITLE STATEMENT
Title Meals with vegetables /
250 ## - EDITION STATEMENT
Edition statement 3rd ed
260 ## - PUBLICATION, DISTRIBUTION, ETC. (IMPRINT)
Place of publication, distribution, etc New Delhi
Name of publisher, distributor, etc Science of the Soul Research Centre
Date of publication, distribution, etc 2009
270 ## - ADDRESS
Address C/o Radha Soami Satsang Beas 5 Guru Ravi Dass Marag, Pusa Road
City New Delhi
Postal code 110005
300 ## - PHYSICAL DESCRIPTION
Extent 234 p.
Dimensions 22 cm(pbk)
500 ## - GENERAL NOTE
General note Included index
942 ## - ADDED ENTRY ELEMENTS (KOHA)
Source of classification or shelving scheme Dewey Decimal Classification
Item type English Books
Classification part 641.63
Call number suffix MEA
Holdings
Withdrawn status Lost status Not for loan Collection code Home library Current library Date acquired Source of acquisition Cost, normal purchase price Full call number Barcode Copy number Cost, replacement price Koha item type
    Not For Loan Non-fiction D.B.Act.Division D.B.Act.Division 16/08/2010 DBAD/PUB 100.00 641.63 MEA EN-83956 1 100.00 English Books

© Delhi Public Library
Hit Counter
free hit counter